K OTÁZKE PÔVODU TROGLOBIONTOV A KLASIFIKÁCIE JASKYNNÝCH SPOLOČENSTIEV

Bibliographic Details
Main Author: Gulička, Ján, 1925-2009 (Author)
Format: Article
Language:Slovak

MARC

LEADER 00000nab a2200000uu 4500
001 vtls011145869
003 SK-MaSNL
005 20260303145816.0
008 230222|1978 xo |||||||||||||||||slo|
015 |a SNBRB 
035 |a (urnnbn)urn:nbn:sk:snk:ar-008k1e 
035 |a (uuid)cd82bae3-fec5-43db-8bec-c5818a246b76 
035 |a urn:nbn:sk:snk-abawke 
040 |a SNKBUCL  |b slo  |c SNKBUCL  |e AACR2 
041 0 |a slo 
044 |a xo  |c SK 
100 1 |a Gulička, Ján,  |d 1925-2009  |4 aut  |9 159453 
245 1 0 |a K OTÁZKE PÔVODU TROGLOBIONTOV A KLASIFIKÁCIE JASKYNNÝCH SPOLOČENSTIEV  |c Ján Gulička 
773 0 |t Slovenský kras : sborník Múzea slovenského krasu v Lipt. Mikuláši  |g Roč. 16, č. 1 (1978), s. 69-[93] 
954 |a odborná, vedecká literatúra pôvodná (slovenská)  |2 lita 
958 |a OND 
958 |a EUIPO 
958 |a article14 
999 |c 2005437  |d 2007367